000 00692nam a2200229 i 4500
001 84169
003 ES-MaACL
005 20250910063108.0
007 t|
008 041119s1981 sp ||||1| spa d
100 1 _aJames, Henry,
_d1843-1916
_9242228
245 1 3 _aLa copa dorada /
_cHenry James ; traducción de Andrés Bosch Vilalta.
250 _a[1ª ed.].
260 _a[Barcelona] :
_bPlaneta,
_c[1981]
300 _a561 p. ;
_c20 cm.
490 1 _aNarrativa ;
_v43
700 1 _aBosch, Andrés,
_d1926-1984
_9160182
830 0 _aNarrativa ;
_v43
_9177839
852 _aES-MaACL
_jL-3924
_bR.104497
852 _aES-MaACL
_jL-7338
_bR.107322
999 _c84169
_d84169